Pohľady na literatúru : rozhovory o vzťahu autora, umeleckého diela a spoločnosti /

Uložené v:
Podrobná bibliografia
Hlavný autor: Žemberová, Viera, 1948-
Médium: Kniha
Jazyk:Slovak
Vydané: Košice : Krajská knižnica, 1987.
Vydanie:1. vyd.
ISBN: (brož.)
Fyzický popis: 98 s.
Tagy: Pridať tag
Žiadne tagy, Buďte prvý kto otaguje tento záznam!

MARC

LEADER 00000nam a2200000 a 4500
001 000212021
005 20100613074904.0
008 980107s1987 xo slo d
020 |a (brož.) 
040 |a SVKKK  |b slo  |c SVKKK  |e AACR2 
041 0 |a slo 
044 |a xo  |c SK 
100 1 |a Žemberová, Viera,  |d 1948- 
245 1 0 |a Pohľady na literatúru :  |b rozhovory o vzťahu autora, umeleckého diela a spoločnosti /  |c Viera Žemberová. 
250 |a 1. vyd. 
260 |a Košice :  |b Krajská knižnica,  |c 1987. 
300 |a 98 s. 
910 |a svkkk 
998 |a BK 
090 |g SCKHL  |k Sklad Pribinova 2. posch.  |a II.312336  |j 758629  |i 2720071695  |s Absenčne